| 000 | 00470nam a2200157Ia 4500 | ||
|---|---|---|---|
| 008 | 220216s9999 xx 000 0 und d | ||
| 100 |
_aRozeboom H J _cet al |
||
| 245 | 0 | _aCrystallization of hevamine, an enzyme with lysozyme/chitinase activity from Hevea brasiliensis latex | |
| 260 |
_bJournal of Molecular Biology _c1990 |
||
| 300 | _a441-443 | ||
| 500 | _aSource Year: 1992 | ||
| 650 | _aHevamine | ||
| 650 | _aHevea brasiliensis | ||
| 856 | _uHOA | ||
| 942 | _cJS | ||
| 999 |
_c56600 _d56600 |
||